<?xml version="1.0" encoding="UTF-8"?><?xml-stylesheet type="text/xsl" href="static/style.xsl"?><OAI-PMH xmlns="http://www.openarchives.org/OAI/2.0/" xmlns:xsi="http://www.w3.org/2001/XMLSchema-instance" xsi:schemaLocation="http://www.openarchives.org/OAI/2.0/ http://www.openarchives.org/OAI/2.0/OAI-PMH.xsd"><responseDate>2026-04-17T03:48:33Z</responseDate><request verb="GetRecord" identifier="oai:www.recercat.cat:11351/10913" metadataPrefix="marc">https://recercat.cat/oai/request</request><GetRecord><record><header><identifier>oai:recercat.cat:11351/10913</identifier><datestamp>2025-10-24T10:42:44Z</datestamp><setSpec>com_2072_378070</setSpec><setSpec>com_2072_378040</setSpec><setSpec>col_2072_378092</setSpec></header><metadata><record xmlns="http://www.loc.gov/MARC21/slim" xmlns:dcterms="http://purl.org/dc/terms/" xmlns:xsi="http://www.w3.org/2001/XMLSchema-instance" xmlns:doc="http://www.lyncode.com/xoai" xsi:schemaLocation="http://www.loc.gov/MARC21/slim http://www.loc.gov/standards/marcxml/schema/MARC21slim.xsd">
   <leader>00925njm 22002777a 4500</leader>
   <datafield ind2=" " ind1=" " tag="042">
      <subfield code="a">dc</subfield>
   </datafield>
   <datafield ind2=" " ind1=" " tag="720">
      <subfield code="a">Chiu, Shao-Ming</subfield>
      <subfield code="e">author</subfield>
   </datafield>
   <datafield ind2=" " ind1=" " tag="720">
      <subfield code="a">Park, Jun Yong</subfield>
      <subfield code="e">author</subfield>
   </datafield>
   <datafield ind2=" " ind1=" " tag="720">
      <subfield code="a">Seto, Wai-Kay</subfield>
      <subfield code="e">author</subfield>
   </datafield>
   <datafield ind2=" " ind1=" " tag="720">
      <subfield code="a">Sonneveld, Milan</subfield>
      <subfield code="e">author</subfield>
   </datafield>
   <datafield ind2=" " ind1=" " tag="720">
      <subfield code="a">Brakenhoff, Sylvia</subfield>
      <subfield code="e">author</subfield>
   </datafield>
   <datafield ind2=" " ind1=" " tag="720">
      <subfield code="a">Kaewdech, Apichat</subfield>
      <subfield code="e">author</subfield>
   </datafield>
   <datafield ind2=" " ind1=" " tag="720">
      <subfield code="a">Buti Ferret, Maria</subfield>
      <subfield code="e">author</subfield>
   </datafield>
   <datafield ind2=" " ind1=" " tag="260">
      <subfield code="c">2024-01-26T11:08:44Z</subfield>
   </datafield>
   <datafield ind2=" " ind1=" " tag="260">
      <subfield code="c">2024-01-26T11:08:44Z</subfield>
   </datafield>
   <datafield ind2=" " ind1=" " tag="260">
      <subfield code="c">2024-01</subfield>
   </datafield>
   <datafield ind2=" " ind1=" " tag="520">
      <subfield code="a">Clinical Relapse; HBsAg Loss</subfield>
   </datafield>
   <datafield ind2=" " ind1=" " tag="520">
      <subfield code="a">Recaiguda clínica; Pèrdua d'HBsAg</subfield>
   </datafield>
   <datafield ind2=" " ind1=" " tag="520">
      <subfield code="a">Recaída Clínica; Pérdida de HBsAg</subfield>
   </datafield>
   <datafield ind2=" " ind1=" " tag="520">
      <subfield code="a">Background &amp; Aims&#xd;
Patients who discontinue nucleo(s)tide analogue therapy are at risk of viral rebound and severe hepatitis flares, necessitating intensive off-treatment follow-up.&#xd;
Methods&#xd;
We studied the association between hepatitis B surface antigen (HBsAg) and hepatitis B virus (HBV) DNA levels at off-treatment follow-up week 24 (FU W24), with subsequent clinical relapse, and HBsAg loss in a multicenter cohort of hepatitis B e antigen (HBeAg)–negative patients with chronic hepatitis B who discontinued nucleo(s)tide analogue therapy.&#xd;
Results&#xd;
We studied 475 patients, 82% Asian, and 55% treated with entecavir. Patients with higher HBV DNA levels at FU W24 had a higher risk of clinical relapse (hazard ratio [HR], 1.576; P &lt; .001) and a lower chance of HBsAg loss (HR, 0.454; P &lt; .001). Similarly, patients with higher HBsAg levels at FU W24 had a higher risk of clinical relapse (HR, 1.579; P &lt; .001) and a lower chance of HBsAg loss (HR, 0.263; P &lt; .001). A combination of both HBsAg &lt;100 IU/mL and HBV DNA &lt;100 IU/mL at FU W24 identified patients with excellent outcomes (9.9% clinical relapse and 58% HBsAg loss at 216 weeks of follow-up). Conversely, relapse rates were high and HBsAg loss rates negligible among patients with both HBsAg >100 IU/mL and HBV DNA >100 IU/mL (P &lt; .001).&#xd;
Conclusions&#xd;
Among HBeAg-negative patients with chronic hepatitis B who discontinued antiviral therapy and who did not experience clinical relapse before FU W24, serum levels of HBV DNA and HBsAg at FU W24 can be used to predict subsequent clinical relapse and HBsAg clearance. A combination of HBsAg &lt;100 IU/mL with HBV DNA &lt;100 IU/mL identifies patients with a low risk of relapse and excellent chances of HBsAg loss and could potentially be used as an early surrogate end point for studies aiming at finite therapy in HBV.</subfield>
   </datafield>
   <datafield ind1="8" ind2=" " tag="024">
      <subfield code="a">http://hdl.handle.net/11351/10913</subfield>
   </datafield>
   <datafield tag="653" ind2=" " ind1=" ">
      <subfield code="a">Hepatitis B - Tractament</subfield>
   </datafield>
   <datafield tag="653" ind2=" " ind1=" ">
      <subfield code="a">Medicaments antivírics - Ús terapèutic</subfield>
   </datafield>
   <datafield tag="653" ind2=" " ind1=" ">
      <subfield code="a">Antígens</subfield>
   </datafield>
   <datafield tag="653" ind2=" " ind1=" ">
      <subfield code="a">CHEMICALS AND DRUGS::Biological Factors::Antigens::Antigens, Viral::Hepatitis Antigens::Hepatitis B Antigens::Hepatitis B Surface Antigens</subfield>
   </datafield>
   <datafield tag="653" ind2=" " ind1=" ">
      <subfield code="a">DISEASES::Digestive System Diseases::Liver Diseases::Hepatitis::Hepatitis, Chronic::Digestive System Diseases::Liver Diseases::Hepatitis::Hepatitis B, Chronic</subfield>
   </datafield>
   <datafield tag="653" ind2=" " ind1=" ">
      <subfield code="a">CHEMICALS AND DRUGS::Chemical Actions and Uses::Pharmacologic Actions::Therapeutic Uses::Anti-Infective Agents::Antiviral Agents</subfield>
   </datafield>
   <datafield tag="653" ind2=" " ind1=" ">
      <subfield code="a">COMPUESTOS QUÍMICOS Y DROGAS::factores biológicos::antígenos::antígenos víricos::antígenos de las hepatitis::antígenos de la hepatitis B::antígenos de superficie de la hepatitis B</subfield>
   </datafield>
   <datafield tag="653" ind2=" " ind1=" ">
      <subfield code="a">ENFERMEDADES::enfermedades del sistema digestivo::enfermedades hepáticas::hepatitis::hepatitis crónica::enfermedades del sistema digestivo::enfermedades hepáticas::hepatitis::hepatitis B crónica</subfield>
   </datafield>
   <datafield tag="653" ind2=" " ind1=" ">
      <subfield code="a">COMPUESTOS QUÍMICOS Y DROGAS::acciones y usos químicos::acciones farmacológicas::usos terapéuticos::antiinfecciosos::antivíricos</subfield>
   </datafield>
   <datafield ind2="0" ind1="0" tag="245">
      <subfield code="a">HBV DNA and HBsAg Levels at 24 Weeks Off-Treatment Predict Clinical Relapse and HBsAg Loss in HBeAg-Negative Patients Who Discontinued Antiviral Therapy</subfield>
   </datafield>
</record></metadata></record></GetRecord></OAI-PMH>